<?xml version="1.0" encoding="UTF-8"?><?xml-stylesheet type="text/xsl" href="static/style.xsl"?><OAI-PMH xmlns="http://www.openarchives.org/OAI/2.0/" xmlns:xsi="http://www.w3.org/2001/XMLSchema-instance" xsi:schemaLocation="http://www.openarchives.org/OAI/2.0/ http://www.openarchives.org/OAI/2.0/OAI-PMH.xsd"><responseDate>2026-04-27T01:59:06Z</responseDate><request verb="GetRecord" identifier="oai:repisalud.isciii.es:20.500.12105/17509" metadataPrefix="marc">https://repisalud.isciii.es/rest/oai/request</request><GetRecord><record><header><identifier>oai:repisalud.isciii.es:20.500.12105/17509</identifier><datestamp>2024-11-29T17:43:18Z</datestamp><setSpec>com_20.500.12105_2173</setSpec><setSpec>com_20.500.12105_2051</setSpec><setSpec>col_20.500.12105_19597</setSpec></header><metadata><record xmlns="http://www.loc.gov/MARC21/slim" xmlns:dcterms="http://purl.org/dc/terms/" xmlns:doc="http://www.lyncode.com/xoai" xmlns:xsi="http://www.w3.org/2001/XMLSchema-instance" xsi:schemaLocation="http://www.loc.gov/MARC21/slim http://www.loc.gov/standards/marcxml/schema/MARC21slim.xsd">
   <leader>00925njm 22002777a 4500</leader>
   <datafield ind2=" " ind1=" " tag="042">
      <subfield code="a">dc</subfield>
   </datafield>
   <datafield ind2=" " ind1=" " tag="720">
      <subfield code="a">Santos, María</subfield>
      <subfield code="e">author</subfield>
   </datafield>
   <datafield ind2=" " ind1=" " tag="720">
      <subfield code="a">Niemi, Mikko</subfield>
      <subfield code="e">author</subfield>
   </datafield>
   <datafield ind2=" " ind1=" " tag="720">
      <subfield code="a">Hiratsuka, Masahiro</subfield>
      <subfield code="e">author</subfield>
   </datafield>
   <datafield ind2=" " ind1=" " tag="720">
      <subfield code="a">Kumondai, Masaki</subfield>
      <subfield code="e">author</subfield>
   </datafield>
   <datafield ind2=" " ind1=" " tag="720">
      <subfield code="a">Ingelman-Sundberg, Magnus</subfield>
      <subfield code="e">author</subfield>
   </datafield>
   <datafield ind2=" " ind1=" " tag="720">
      <subfield code="a">Lauschke, Volker M</subfield>
      <subfield code="e">author</subfield>
   </datafield>
   <datafield ind2=" " ind1=" " tag="720">
      <subfield code="a">Rodriguez Antona, Cristina</subfield>
      <subfield code="e">author</subfield>
   </datafield>
   <datafield ind2=" " ind1=" " tag="260">
      <subfield code="c">2018-06</subfield>
   </datafield>
   <datafield ind2=" " ind1=" " tag="520">
      <subfield code="a">PurposeVariability in pharmacokinetics and drug response is shaped by single-nucleotide variants (SNVs) as well as copy-number variants (CNVs) in genes with importance for drug absorption, distribution, metabolism, and excretion (ADME). While SNVs have been extensively studied, a systematic assessment of the CNV landscape in ADME genes is lacking.MethodsWe integrated data from 2,504 whole genomes from the 1000 Genomes Project and 59,898 exomes from the Exome Aggregation Consortium to identify CNVs in 208 relevant pharmacogenes.ResultsWe describe novel exonic deletions and duplications in 201 (97%) of the pharmacogenes analyzed. The deletions are population-specific and frequencies range from singletons up to 1%, accounting for >5% of all loss-of-function alleles in up to 42% of the genes studied. We experimentally confirmed novel deletions in CYP2C19, CYP4F2, and SLCO1B3 by Sanger sequencing and validated their allelic frequencies in selected populations.ConclusionCNVs are an additional source of pharmacogenetic variability with important implications for drug response and personalized therapy. This, together with the important contribution of rare alleles to the variability of pharmacogenes, emphasizes the necessity of comprehensive next-generation sequencing-based genotype identification for an accurate prediction of the genetic variability of drug pharmacokinetics.</subfield>
   </datafield>
   <datafield ind1="8" ind2=" " tag="024">
      <subfield code="a">Genet Med  . 2018 ;20(6):622-629.</subfield>
   </datafield>
   <datafield ind1="8" ind2=" " tag="024">
      <subfield code="a">http://hdl.handle.net/20.500.12105/17509</subfield>
   </datafield>
   <datafield ind1="8" ind2=" " tag="024">
      <subfield code="a">29261188</subfield>
   </datafield>
   <datafield ind1="8" ind2=" " tag="024">
      <subfield code="a">10.1038/gim.2017.156</subfield>
   </datafield>
   <datafield ind1="8" ind2=" " tag="024">
      <subfield code="a">1530-0366</subfield>
   </datafield>
   <datafield ind1="8" ind2=" " tag="024">
      <subfield code="a">Genetics in medicine : official journal of the American College of Medical Genetics</subfield>
   </datafield>
   <datafield ind2="0" ind1="0" tag="245">
      <subfield code="a">Novel copy-number variations in pharmacogenes contribute to interindividual differences in drug pharmacokinetics.</subfield>
   </datafield>
</record></metadata></record></GetRecord></OAI-PMH>